Kentucky Derby Winners - Statistics

General Stats
  • This quiz has been taken 1,613 times
    1,553 since last reset
  • The average score is 42 of 140
Answer Stats
Hint Answer % Correct
1973 Secretariat
88%
1977 Seattle Slew
71%
1978 Affirmed
63%
2014 California Chrome
60%
2008 Big Brown
58%
2004 Smarty Jones
58%
2009 Mine That Bird
54%
2006 Barbaro
53%
2013 Orb
53%
2012 I'll Have Another
50%
1997 Silver Charm
50%
1937 War Admiral
50%
1948 Citation
49%
2011 Animal Kingdom
47%
1919 Sir Barton
47%
1989 Sunday Silence
47%
2002 War Emblem
47%
2010 Super Saver
46%
2003 Funny Cide
45%
1998 Real Quiet
44%
1995 Thunder Gulch
44%
1990 Unbridled
44%
1941 Whirlaway
44%
1988 Winning Colors
44%
1987 Alysheba
42%
2005 Giacomo
42%
2001 Monarchos
42%
1986 Ferdinand
41%
1946 Assault
40%
1999 Charismatic
40%
1943 Count Fleet
40%
1935 Omaha
40%
2007 Street Sense
40%
1992 Lil E. Tee
39%
1984 Swale
39%
1972 Riva Ridge
38%
2000 Fusaichi Pegasus
37%
1982 Gato Del Sol
37%
1994 Go For Gin
37%
1996 Grindstone
37%
1875 Aristides
36%
1985 Spend a Buck
35%
1955 Swaps
35%
1993 Sea Hero
34%
1991 Strike the Gold
33%
1964 Northern Dancer
32%
1958 Tim Tam
31%
1877 Baden Baden
30%
1974 Cannonade
30%
1953 Dark Star
30%
1954 Determine
30%
1975 Foolish Pleasure
30%
1957 Iron Liege
30%
1966 Kauai King
30%
1956 Needles
30%
1976 Bold Forbes
29%
1878 Day Star
29%
1979 Spectacular Bid
29%
1959 Tomy Lee
29%
1918 Exterminator
28%
1930 Gallant Fox
28%
1876 Vagrant
28%
1923 Zev
28%
1934 Cavalcade
27%
1970 Dust Commander
27%
1969 Majestic Prince
27%
1920 Paul Jones
27%
1981 Pleasant Colony
27%
1951 Count Turf
26%
1962 Decidedly
26%
1968 Forward Pass
26%
1885 Joe Cotton
26%
1903 Judge Himes
26%
1944 Pensive
26%
1907 Pink Star
26%
1915 Regret
26%
1889 Spokane
26%
1891 Kingman
25%
1898 Plaudit
25%
1960 Venetian Way
25%
1902 Alan-a-Dale
24%
1961 Carry Back
24%
1904 Elwood
24%
1947 Jet Pilot
24%
1938 Lawrin
24%
1883 Leonatus
24%
1900 Lieut. Gibson
24%
1950 Middleground
24%
1971 Canonero II
23%
1980 Genuine Risk
23%
1952 Hill Gail
23%
1879 Lord Murphy
23%
1899 Manuel
23%
1949 Ponder
23%
1897 Typhoon II
23%
1909 Wintergreen
23%
1886 Ben Ali
22%
1924 Black Gold
22%
1936 Bold Venture
22%
1910 Donau
22%
1916 George Smith
22%
1945 Hoop Jr.
22%
1922 Morvich
22%
1890 Riley
22%
1921 Behave Yourself
21%
1896 Ben Brush
21%
1913 Donerail
21%
1880 Fonso
21%
1983 Sunny's Halo
21%
1905 Agile
20%
1932 Burgoo King
20%
1887 Montrose
20%
1928 Reigh Count
20%
1908 Stone Street
20%
1926 Bubbling Over
19%
1884 Buchanan
19%
1925 Flying Ebony
19%
1939 Johnstown
19%
1940 Gallahadion
18%
1901 His Eminence
18%
1965 Lucky Debonair
18%
1917 Omar Khayyam
18%
1906 Sir Huon
18%
1895 Halma
17%
1881 Hindoo
17%
1882 Apollo
16%
1912 Worth
16%
1894 Chant
14%
1888 Macbeth II
14%
1893 Lookout
13%
1931 Twenty Grand
13%
1892 Azra
12%
1929 Clyde Van Dusen
12%
1911 Meridian
11%
1933 Brokers Tip
10%
1963 Chateaugay
10%
1914 Old Rosebud
10%
1967 Proud Clarion
10%
1942 Shut Out
10%
1927 Whiskery
9%
No matching quizzes found
Score Distribution
Percent of People with Each Score
Percentile by Number Answered
Your Score History
You have not taken this quiz since the last reset